Statistiques concernant Haikyuu!! (personnages)

Cliquez ici pour prendre le quiz!

Statistiques générales

  • Ce quiz a été pris 482 fois
  • Le résultat moyen est 36 sur 117

Statistiques - réponses

CatégorieIndiceNom% Correct
KarasunojoueurHinata Shoyo
100%
KarasunojoueurKageyama Tobio
97%
KarasunojoueurNishinoya Yu
94%
KarasunojoueurSugawara Koshi
90%
KarasunojoueurTsukishima Kei
90%
KarasunojoueurDaichi Sawamura
89%
AobajosaijoueurOikawa Tooru
86%
NekomajoueurKenma Kozume
85%
KarasunojoueurTanaka Ryunosuke
85%
FukurodanijoueurBokuto Kotaro
82%
KarasunojoueurAsahi Azumane
79%
NekomajoueurKuroo Tetsuro
79%
KarasunojoueurYamaguchi Tadashi
75%
NekomajoueurKai Noboyuki
73%
FukurodanijoueurAkaashi Keiji
69%
NekomajoueurLev Haiba
69%
InarizakijoueurMiya Atsumu
69%
ShiratorizawajoueurUshijima Wakatoshi
68%
InarizakijoueurMiya Osamu
67%
AobajosaijoueurIwaizumi Hajime
66%
KarasunoManagerShimizu Kiyoko
65%
Yukigaokaami d'HinataIzumi Yukitaka
64%
KarasunojoueurEnnoshita Chikara
63%
ShiratorizawajoueurTendo Satori
62%
KarasunoManagerYachi Hitoka
60%
KarasunoSuperviseurTakeda Ittetsu
55%
DatekojoueurAone Takanobu
52%
InarizakijoueurSuna Rintaro
52%
ItachiyamajoueurSakusa Kiyoomi
49%
NekomajoueurYaku Morisuke
49%
InarizakijoueurOjiro Aran
48%
AobajosaijoueurKindaichi Yutaro
47%
InarizakijoueurKita Shinsuke
46%
AobajosaijoueurKunimi Akira
46%
NekomaCoachNekomata Yasufumi
45%
NekomajoueurYamamoto Yaketora
43%
JohzenjijoueurTerushima Yuuji
40%
KarasunojoueurNarita Kazuhito
39%
ShiratorizawajoueurSemi Eita
39%
KarasunojoueurKinoshita Hisashi
38%
Famillesœur d'HinataNatsu Hinata
38%
ShiratorizawajoueurGoshiki Tsutomu
36%
AobajosaijoueurHanamaki Takahiro
32%
FukurodanijoueurKonoha Akinori
32%
AobajosaijoueurKyotani Kentaro
32%
AobajosaijoueurMatsukawa Issei
30%
DatekojoueurKoganegawa Kenji
29%
Famillesœur de TanakaSaeko Tanaka
29%
ShiratorizawajoueurShirabu Kenjiro
28%
Karasunoancien joueurTenma Udai
28%
KarasunoCoachUkai Keishin
28%
KamomedaijoueurHoshiumi Korai
26%
JohzenjiManagerMisaki Hana
25%
NekomajoueurInuoka Sou
23%
AobajosaijoueurYahaba Shigeru
23%
KarasunoEx-coachUkai Ikkei
22%
KarasunojoueuseMichimiya Yui
20%
WakutanijoueurTakeru Nakashima
20%
Familleneveu d'OikawaTakeru Oikawa
20%
AobajosaijoueurWatari Shinji
19%
NekomajoueurFukunaga Shohei
17%
Famillesœur de LevAlisa Haiba
16%
NohebijoueurDaisho Suguru
15%
DatekojoueurFutakuchi Kenji
15%
ItachiyamajoueurMotoya Komori
15%
ShiratorizawajoueurReon Ohira
14%
NekomajoueurShibayama Yuuki
14%
Famillefrère de TsukishimaTsukishima Akiteru
14%
FukurodanijoueurKomi Haruki
13%
Famillesœur de KageyamaMiwa Kageyama
13%
Brésilcolocataire d'HinataPedro
13%
NohebijoueurHiroo Koji
11%
FukurodanijoueurWashio Tatsuki
11%
ShiratorizawajoueurYamagata Hayato
11%
InarizakijoueurAkagi Michinari
10%
InarizakijoueurGinjima Hitoshi
10%
DatekojoueurMoniwa Kaname
10%
Schweiden A.joueurNicollas Romero
10%
InarizakijoueurOmimi Ren
10%
NekomaCoachNaoi Manabu
9%
MSBY BJjoueurAdriah Tomas
8%
MSBY BJjoueurMeian Shugo
8%
DatekojoueurOnagawa Taro
8%
FukurodanijoueurOnaga Wataru
8%
ShiratorizawajoueurKawanishi Taichi
7%
NohebiélèveMika Yamaka
7%
DatekojoueurObara Yutaka
7%
DatekojoueurSakunami Kosuke
7%
Yukigaokaami d'HinataKoji Sekimukai
6%
Brésilfemme de ce dernierNice Rodrigues
6%
MSBY BJjoueurOliver Barnes
6%
FukurodanijoueurSarukui Yamato
6%
ShiratorizawaCoachWashijo Tanji
6%
Brésiljoueur beach v.Heitor Santana
5%
DatekojoueurKamasaki Yasushi
5%
DatekojoueurSasaya Takehito
5%
Schweiden A.joueurHirugami Fukuro
4%
KamomedaijoueurHirugami Sachiro
4%
FukurodaniManagerShirofuku Yukie
4%
FukurodaniManagerSuzumeda Kaori
4%
JohzenjijoueurBobata Kazuma
3%
JohzenjijoueurFutamata Takeharu
3%
MSBY BJjoueurInunaki Shion
3%
DatekoCoachOiwake Takuro
3%
ShiratorizawaCoachSaito Akira
3%
NiiyamajoueuseAmanai Kanoka
2%
TokonamijoueurIkejiri Hayato
2%
DatekoManagerNametsu Mai
2%
JohzenjiManagerRuna Kuribayashi
2%
JohzenjiCoachAnabara Takaaki
1%
AobajosaiSuperviseurIrihata Nobuteru
1%
NohebijoueurKuguri Naoyasu
1%
NohebijoueurNumai Kazuma
1%
JohzenjijoueurNumajiri Rintaro
1%
InarizakijoueurRiseki Heisuke
1%
Schweiden A.joueurTatsuto Sokolov
1%
JohzenjijoueurNobuyoshi Izaka
0%

Distribution des résultats

Percentile par nombre de réponses

% des personnes avec chaque résultat

Votre développement - résultats

Vous n’avez pas pris ce quiz